000 00614nam a22002177a 4500
005 20170124110103.0
010 _aA-754419
020 _c00.00
035 _aA-754419
037 _bCen Lib/Ret
040 _aDPL
_bEN
082 _aN
_bCHA
100 _aChatterjee, Jayabrato
_927492
245 _aLast train to innocence /
_cby Jayabrato Chatterjee
260 _aNew Delhi
_bPenguin Books
_c1995
270 _a210, Chirajjiv Tower, 43 Nehru Place
_bNew Delhi
300 _a192p.
_c20cm(Hb)
650 _aAdolescence
_927493
650 _aAdolescence -- India -- Fiction
_927494
942 _2ddc
_cEN
_hN
_mCHA
999 _c129820
_d129820